| 000 | 00502nam a2200205Ia 4500 | ||
|---|---|---|---|
| 003 | LK-CoDNM | ||
| 008 | 010623t1937 xxu||||| |||| 00| 1 eng d | ||
| 040 |
_aLK-CoDNM _dLK-CoDNM _eLK-CoDNM |
||
| 041 | _aeng | ||
| 080 | _a49710.284666 | ||
| 100 | _aAiyar,K.G.Sesha | ||
| 245 | _aCeer Kings of the Sangam Period | ||
| 260 |
_bLuzac Co. _aLondon _c1937 |
||
| 300 | _bvii,183p., 21 cm | ||
| 650 | _aIndian History | ||
| 650 | _aPolitical | ||
| 650 | _aReligious | ||
| 650 | _aSocial | ||
| 942 | _cBK | ||
| 999 |
_c98409 _d98409 |
||